00978nam a22002657a 45000010005000000030006000050050017000110080041000280200018000690400029000870500015001160820012001311000018001432450125001612500036002862600033003223000047003555050007004025200163004095210027005725210018005996500026006177000036006437000033006798500FISKH20250916095633.0250916b cb ||||| |||| 00| 0 eng d a9780746016527 aFISKHbengcFISKHdFISKH aQL763 .M39 a599.039 aMayes, Susan  aThe usborne book of baby animals /cSusan Mayes ; Designed by Non Figg ; Illustrated by Rachel Lockwood and David Wright aThis edition published in 1995  aLondon : bUsborne, c1994.  a32 pages : bcolor illustrations ; c28 cm aQ  aGiant illustrations bring animals to life for curious youngsters-- Simple, informative text can be read aloud by an adult or enjoyed by the young reader alone8 a660 bLexile estimate 8 aQ bRaz-Plus  aAnimals vNon-fiction aLockwood, Rachel eillustrator  aWright, David eillustrator